[Event "Moscow Nutcracker-A rap"]
[Site "Moscow"]
[Date "2015.12.25"]
[Round "5.3"]
[White "Bukavshin, Ivan"]
[Black "Morozevich, Alexander"]
[Result "1-0"]
[WhiteElo "2657"]
[BlackElo "2692"]
[PlyCount "79"]
[EventDate "2015.12.24"]
[EventType "schev (rapid)"]
[EventRounds "8"]
[EventCountry "RUS"]
[SourceTitle "CBM 170"]
[Source "ChessBase"]
[SourceDate "2016.01.15"]
[SourceVersion "1"]
[SourceVersionDate "2016.01.15"]
[SourceQuality "1"]
[WhiteTeam "Princes"]
[BlackTeam "Kings"]
[WhiteTeamCountry "RUS"]
[BlackTeamCountry "RUS"]

1. d4 Nf6 2. c4 g6 3. Nc3 Bg7 4. e4 d6 5. Be2 0-0 6. Nf3 c5 7. 0-0 Re8 8. Bg5 h6 9. Be3 Ng4 10. Bc1 Nf6 11. dxc5 dxc5 12. Be3 Qxd1 13. Raxd1 Nfd7 14. Nb5 Na6 15. b3 g5 16. h4 g4 17. Nh2 h5 18. Rfe1 Bf6 19. Rd5 Ne5 20. f4 gxf3 21. Nxf3 Ng4 22. Bc1 e5 23. Nd6 Rd8 24. Nxc8 Raxc8 25. a3 Nc7 26. Rxc5 Be7 27. Ra5 b6 28. Rxa7 Bc5+ 29. Kf1 f5 30. b4 Bf2 31. Rd1 Rxd1+ 32. Bxd1 Be3 33. Bxe3 Nxe3+ 34. Ke2 f4 35. Bb3 Kf8 36. Nxe5 Ne6 37. Ng6+ Ke8 38. Re7+ Kd8 39. Rxe6 Ra8 40. Nxf4 1-0

[Event "Moscow Nutcracker-A rap"]
[Site "Moscow"]
[Date "2015.12.25"]
[Round "7.1"]
[White "Najer, Evgeniy"]
[Black "Bukavshin, Ivan"]
[Result "0-1"]
[WhiteElo "2674"]
[BlackElo "2657"]
[PlyCount "94"]
[EventDate "2015.12.24"]
[EventType "schev (rapid)"]
[EventRounds "8"]
[EventCountry "RUS"]
[SourceTitle "CBM 170"]
[Source "ChessBase"]
[SourceDate "2016.01.15"]
[SourceVersion "1"]
[SourceVersionDate "2016.01.15"]
[SourceQuality "1"]
[WhiteTeam "Kings"]
[BlackTeam "Princes"]
[WhiteTeamCountry "RUS"]
[BlackTeamCountry "RUS"]

1. e4 c5 2. Nf3 e6 3. d4 cxd4 4. Nxd4 Nc6 5. Nc3 Qc7 6. Be3 a6 7. Bd3 b5 8. 0-0 Bb7 9. Qe2 Nf6 10. f4 Nxd4 11. Bxd4 Bc5 12. Bxc5 Qxc5+ 13. Kh1 Qh5 14. Qxh5 Nxh5 15. e5 f5 16. Be2 g6 17. Bf3 Bxf3 18. Rxf3 Rc8 19. a3 Ke7 20. Rd1 Rhd8 21. h3 Rc4 22. g3 d5 23. Rd2 Rdc8 24. Rfd3 h6 25. Kg2 g5 26. fxg5 hxg5 27. Rd4 Kf7 28. Kf3 Kg6 29. a4 bxa4 30. Rxc4 Rxc4 31. Ne2 g4+ 32. hxg4 fxg4+ 33. Kf2 Kf5 34. b3 axb3 35. cxb3 Rc8 36. Ra2 Kxe5 37. Rxa6 Nf6 38. Nf4 Ne4+ 39. Ke1 Rc1+ 40. Ke2 Nxg3+ 41. Kd2 Rc8 42. Nxe6 Ne4+ 43. Ke2 Rc2+ 44. Kd1 Rd2+ 45. Ke1 g3 46. Ng5 Nxg5 47. Kxd2 g2 0-1

[Event "RUS Cup final"]
[Site "Khanty-Mansiysk"]
[Date "2015.12.12"]
[Round "4.2"]
[White "Bukavshin, Ivan"]
[Black "Kokarev, Dmitry"]
[Result "1-0"]
[WhiteElo "2657"]
[BlackElo "2611"]
[PlyCount "73"]
[EventDate "2015.12.05"]
[EventType "k.o."]
[EventRounds "4"]
[EventCountry "RUS"]
[SourceTitle "CBM 170"]
[Source "ChessBase"]
[SourceDate "2016.01.15"]
[SourceVersion "1"]
[SourceVersionDate "2016.01.15"]
[SourceQuality "1"]

1. Nf3 Nf6 2. g3 g6 3. Bg2 Bg7 4. 0-0 d5 5. c4 c6 6. b3 Ne4 7. d4 0-0 8. Bb2 Be6 9. Nbd2 Nxd2 10. Qxd2 h6 11. cxd5 Bxd5 12. Qc2 Bxf3 13. Bxf3 Na6 14. Rfd1 e6 15. e3 Nc7 16. b4 Qe7 17. Qc5 Rfe8 18. a4 a6 19. Rab1 Rad8 20. Bc3 h5 21. h4 Nd5 22. Be1 Nc7 23. Kg2 e5 24. dxe5 Rxd1 25. Rxd1 Qxc5 26. bxc5 Ne6 27. Bb4 Bxe5 28. g4 hxg4 29. Bxg4 a5 30. Ba3 Rd8 31. Rxd8+ Nxd8 32. Bc8 Bf6 33. Bc1 Be7 34. Bd2 Bxc5 35. Bxa5 Be7 36. Bb6 Bxh4 37. a5 1-0

[Event "RUS Cup final"]
[Site "Khanty-Mansiysk"]
[Date "2015.12.11"]
[Round "4.1"]
[White "Kokarev, Dmitry"]
[Black "Bukavshin, Ivan"]
[Result "1/2-1/2"]
[WhiteElo "2611"]
[BlackElo "2657"]
[PlyCount "46"]
[EventDate "2015.12.05"]
[EventType "k.o."]
[EventRounds "4"]
[EventCountry "RUS"]
[SourceTitle "CBM 170"]
[Source "ChessBase"]
[SourceDate "2016.01.15"]
[SourceVersion "1"]
[SourceVersionDate "2016.01.15"]
[SourceQuality "1"]

1. e4 e5 2. Nf3 Nc6 3. Bb5 Nf6 4. d3 Bc5 5. Bxc6 dxc6 6. b3 Nd7 7. Bb2 f6 8. Nh4 0-0 9. 0-0 Re8 10. Nd2 Nf8 11. Kh1 Ng6 12. Nf5 Be6 13. Qf3 Qd7 14. g3 Rad8 15. Ne3 Bd4 16. Rfb1 c5 17. Nef1 Bg4 18. Qg2 Bh3 19. Qf3 Ne7 20. c3 Bg4 21. Qg2 Bh3 22. Qf3 Bg4 23. Qg2 Bh3 1/2-1/2

[Event "RUS Cup final"]
[Site "Khanty-Mansiysk"]
[Date "2015.12.09"]
[Round "3.1"]
[White "Khismatullin, Denis Rimovich"]
[Black "Bukavshin, Ivan"]
[Result "1/2-1/2"]
[WhiteElo "2654"]
[BlackElo "2657"]
[PlyCount "100"]
[EventDate "2015.12.05"]
[EventType "k.o."]
[EventRounds "4"]
[EventCountry "RUS"]
[SourceTitle "CBM 170"]
[Source "ChessBase"]
[SourceDate "2016.01.15"]
[SourceVersion "1"]
[SourceVersionDate "2016.01.15"]
[SourceQuality "1"]

1. c4 e6 2. g3 d5 3. Bg2 Nf6 4. Nf3 Be7 5. d4 0-0 6. Qc2 c5 7. 0-0 cxd4 8. Nxd4 Na6 9. cxd5 Nb4 10. Qd1 e5 11. Nf3 e4 12. Ng5 e3 13. Nc3 exf2+ 14. Kh1 h6 15. a3 hxg5 16. axb4 Qb6 17. Bxg5 Qxb4 18. Qd2 Ng4 19. Bf4 Bd6 20. h3 Bxf4 21. gxf4 Qb6 22. Nd1 Re8 23. e4 Qh6 24. Qd3 Qh4 25. Ra3 Bd7 26. Qg3 Qxg3 27. Rxg3 Nf6 28. Nxf2 Nh5 29. Rb3 Ba4 30. Rf3 Bb5 31. Re1 Bc4 32. Rc1 Be2 33. Rb3 f5 34. Rxb7 Ba6 35. Rb3 Nxf4 36. Rc6 Bc8 37. Rc7 fxe4 38. Rg3 Bf5 39. Rcxg7+ Kh8 40. R7g5 Bh7 41. Nd1 Rab8 42. Bf1 e3 43. Rxe3 Rxe3 44. Nxe3 Rxb2 45. Rg4 Nh5 46. Bg2 a5 47. Nc4 Rb1+ 48. Kh2 Nf6 49. Rd4 Rb4 50. d6 Bg8 1/2-1/2

[Event "RUS Cup final"]
[Site "Khanty-Mansiysk"]
[Date "2015.12.08"]
[Round "2.5"]
[White "Khairullin, Ildar"]
[Black "Bukavshin, Ivan"]
[Result "1/2-1/2"]
[WhiteElo "2647"]
[BlackElo "2657"]
[PlyCount "91"]
[EventDate "2015.12.05"]
[EventType "k.o."]
[EventRounds "4"]
[EventCountry "RUS"]
[SourceTitle "CBM 170"]
[Source "ChessBase"]
[SourceDate "2016.01.15"]
[SourceVersion "1"]
[SourceVersionDate "2016.01.15"]
[SourceQuality "1"]

1. c4 e6 2. d4 d5 3. Nf3 Nf6 4. e3 Be7 5. b3 0-0 6. Bd3 c5 7. 0-0 cxd4 8. exd4 Nc6 9. Bb2 b6 10. Nbd2 Bb7 11. Rc1 Rc8 12. Re1 Re8 13. a3 Bf8 14. Nf1 g6 15. Ne3 Bg7 16. c5 bxc5 17. dxc5 a5 18. Bb5 Re7 19. Ne5 Rec7 20. Nxc6 Bxc6 21. Bxc6 Rxc6 22. b4 Rb8 23. Nc2 Rcc8 24. Be5 Rb7 25. Qd4 Ne8 26. Rb1 f6 27. Bg3 e5 28. Qd3 axb4 29. axb4 Qd7 30. Red1 Nc7 31. Ne3 Rcb8 32. Nc2 Qc6 33. f4 e4 34. Qb3 Qxc5+ 35. bxc5 Rxb3 36. Rxb3 Rxb3 37. f5 Rc3 38. Bxc7 Rxc2 39. Rxd5 Bf8 40. Bd6 gxf5 41. Rxf5 Bxd6 42. cxd6 Kf7 43. Rd5 Rc8 44. Kf2 Ke6 45. d7 Rd8 46. Rd4 1/2-1/2

[Event "RUS Cup final"]
[Site "Khanty-Mansiysk"]
[Date "2015.12.06"]
[Round "1.5"]
[White "Bukavshin, Ivan"]
[Black "Eliseev, Urii"]
[Result "1-0"]
[WhiteElo "2657"]
[BlackElo "2548"]
[PlyCount "87"]
[EventDate "2015.12.05"]
[EventType "k.o."]
[EventRounds "4"]
[EventCountry "RUS"]
[SourceTitle "CBM 170"]
[Source "ChessBase"]
[SourceDate "2016.01.15"]
[SourceVersion "1"]
[SourceVersionDate "2016.01.15"]
[SourceQuality "1"]

1. d4 Nf6 2. c4 g6 3. Nc3 d5 4. Bg5 Ne4 5. h4 Nxc3 6. bxc3 Bg7 7. cxd5 Qxd5 8. f3 c5 9. e4 Qd7 10. Ne2 cxd4 11. cxd4 Nc6 12. d5 Ne5 13. Nd4 0-0 14. h5 Qd6 15. Qd2 Bd7 16. hxg6 hxg6 17. Rd1 Rac8 18. Bh6 Qf6 19. Bxg7 Qxg7 20. Kf2 Qf6 21. Kg3 a6 22. Be2 Nc4 23. Qh6 Qg7 24. Rh2 Qxh6 25. Rxh6 Kg7 26. Rdh1 Na5 27. Rh7+ Kf6 28. f4 Rc3+ 29. Nf3 Bb5 30. Kg4 Bd7+ 31. Kg3 Bb5 32. Bxb5 axb5 33. Rb1 Nc4 34. Rxb5 Nd2 35. Rb6+ e6 36. dxe6 Nxe4+ 37. Kg4 Nf2+ 38. Kg3 Ne4+ 39. Kh4 fxe6 40. Rbxb7 Rc1 41. Nh2 Rh1 42. Kg4 Rd1 43. Kf3 Nc3 44. Ng4+ 1-0

[Event "Khanty-Mansiysk Governor Cup 11th"]
[Site "Khanty-Mansiysk"]
[Date "2015.11.30"]
[Round "8"]
[White "Bukavshin, Ivan"]
[Black "Bocharov, Dmitry"]
[Result "1/2-1/2"]
[WhiteElo "2657"]
[BlackElo "2558"]
[PlyCount "128"]
[EventDate "2015.11.23"]
[EventType "swiss"]
[EventRounds "9"]
[EventCountry "RUS"]
[SourceTitle "CBM 169 Extra"]
[Source "ChessBase"]
[SourceDate "2015.12.18"]
[SourceVersion "1"]
[SourceVersionDate "2015.12.18"]
[SourceQuality "1"]

1. d4 Nf6 2. c4 e6 3. Nf3 b6 4. a3 Ba6 5. Qb3 d5 6. cxd5 exd5 7. Nc3 Be7 8. g3 0-0 9. Bg2 Bb7 10. 0-0 Nbd7 11. Nh4 g6 12. Bf4 c5 13. Nf3 cxd4 14. Nxd4 Nc5 15. Qa2 Nfe4 16. Ndb5 Qd7 17. Rfd1 Rad8 18. Nxe4 Nxe4 19. a4 Qf5 20. Nd4 Qf6 21. Be3 Bc5 22. a5 bxa5 23. Qxa5 Bb6 24. Qb4 Rfe8 25. Rac1 Rc8 26. Qa4 Kg7 27. Rc2 Nd6 28. Rxc8 Rxc8 29. b3 h5 30. h4 Ne4 31. Bxe4 dxe4 32. Qa1 Kg8 33. Nb5 Qxa1 34. Rxa1 Bxe3 35. fxe3 Rc5 36. Nd6 Bd5 37. Rxa7 Bxb3 38. Nxe4 Re5 39. Nd2 Be6 40. Kf2 Bg4 41. e4 Rc5 42. Ra8+ Kg7 43. Rd8 Rc2 44. Rd4 Kf6 45. Rd6+ Ke7 46. Rd3 Ra2 47. Ke3 Ke6 48. Rc3 Ke7 49. Kd3 Ke6 50. Rb3 Ke7 51. Rb7+ Ke6 52. Nb3 Bxe2+ 53. Kd4 Bg4 54. Nc5+ Kf6 55. e5+ Kg7 56. e6 Rd2+ 57. Kc3 Re2 58. exf7 Bf5 59. Kd4 Kf8 60. Kd5 Re7 61. Rxe7 Kxe7 62. Ne4 Bxe4+ 63. Kxe4 Kxf7 64. Kf4 Kf6 1/2-1/2

[Event "Khanty-Mansiysk Governor Cup 11th"]
[Site "Khanty-Mansiysk"]
[Date "2015.11.27"]
[Round "5"]
[White "Litvinov, Maxim"]
[Black "Bukavshin, Ivan"]
[Result "1/2-1/2"]
[WhiteElo "2391"]
[BlackElo "2657"]
[PlyCount "58"]
[EventDate "2015.11.23"]
[EventType "swiss"]
[EventRounds "9"]
[EventCountry "RUS"]
[SourceTitle "CBM 169 Extra"]
[Source "ChessBase"]
[SourceDate "2015.12.18"]
[SourceVersion "1"]
[SourceVersionDate "2015.12.18"]
[SourceQuality "1"]

1. e4 c5 2. Nf3 Nc6 3. d4 cxd4 4. Nxd4 e6 5. g3 Nf6 6. Bg2 a6 7. Nxc6 bxc6 8. 0-0 Qc7 9. Re1 e5 10. Bg5 Bc5 11. Na3 d6 12. Bxf6 gxf6 13. Nc4 Be6 14. Ne3 Ke7 15. Qf3 a5 16. Nf5+ Bxf5 17. Qxf5 a4 18. Rab1 Rab8 19. c3 Qc8 20. Qxc8 Rhxc8 21. b3 axb3 22. axb3 Bb6 23. Ra1 Ra8 24. Red1 Rcb8 25. b4 h6 26. Bf3 Ke6 27. Bg4+ Ke7 28. Bf3 Ke6 29. Bg4+ Ke7 1/2-1/2

[Event "Khanty-Mansiysk Governor Cup 11th"]
[Site "Khanty-Mansiysk"]
[Date "2015.11.26"]
[Round "4"]
[White "Bukavshin, Ivan"]
[Black "Pridorozhni, Aleksei"]
[Result "1-0"]
[WhiteElo "2657"]
[BlackElo "2563"]
[PlyCount "89"]
[EventDate "2015.11.23"]
[EventType "swiss"]
[EventRounds "9"]
[EventCountry "RUS"]
[SourceTitle "CBM 169 Extra"]
[Source "ChessBase"]
[SourceDate "2015.12.18"]
[SourceVersion "1"]
[SourceVersionDate "2015.12.18"]
[SourceQuality "1"]

1. d4 Nf6 2. c4 e6 3. Nf3 b6 4. a3 Bb7 5. Nc3 Ne4 6. Nxe4 Bxe4 7. Nd2 Bb7 8. e4 Qf6 9. d5 c6 10. Nf3 cxd5 11. cxd5 exd5 12. exd5 Bd6 13. Bc4 0-0 14. 0-0 Na6 15. Bg5 Qg6 16. b4 Nc7 17. Qd4 Kh8 18. Rfe1 Rae8 19. Rad1 h6 20. Bf4 Rxe1+ 21. Nxe1 Ne8 22. Bg3 Bxg3 23. hxg3 d6 24. Nf3 Nf6 25. Bb3 Re8 26. Qf4 Nh5 27. Qc4 Rc8 28. Qe2 Rc3 29. Nd4 Nf6 30. Qd2 Rc8 31. Nb5 Ng4 32. f3 Ne5 33. g4 h5 34. gxh5 Nxf3+ 35. Kf2 Nxd2 36. hxg6 Ne4+ 37. Ke3 f5 38. Kf4 Ba6 39. Nd4 Nf2 40. Rd2 Nd3+ 41. Kg5 Rc3 42. Bc2 Ne5 43. Nxf5 Nd7 44. Nxd6 Nf6 45. b5 1-0

[Event "EU-ch University 1st"]
[Site "Yerevan"]
[Date "2015.10.07"]
[Round "2"]
[White "Bukavshin, Ivan"]
[Black "Khegay, Dmitriy"]
[Result "1-0"]
[WhiteElo "2657"]
[BlackElo "2405"]
[PlyCount "101"]
[EventDate "2015.10.07"]
[EventType "swiss"]
[EventRounds "9"]
[EventCountry "ARM"]
[SourceTitle "CBM 168 Extra"]
[Source "ChessBase"]
[SourceDate "2015.10.29"]
[SourceVersion "1"]
[SourceVersionDate "2015.10.29"]
[SourceQuality "1"]

1. d4 Nf6 2. Nf3 e6 3. c4 b6 4. g3 Ba6 5. Qb3 Nc6 6. Nbd2 Bb7 7. e4 d5 8. cxd5 exd5 9. e5 Ne4 10. Bd3 Bb4 11. 0-0 0-0 12. Rd1 Bxd2 13. Bxd2 h6 14. Rac1 Qe7 15. Qa4 Nxd2 16. Rxd2 Nd8 17. Nh4 Ne6 18. Nf5 Qg5 19. Qd1 Rfc8 20. f4 Qd8 21. Qg4 Kh8 22. Qh3 Qf8 23. Bb1 Rd8 24. Nh4 Bc8 25. f5 Ng5 26. Qg4 c5 27. e6 Kg8 28. Re2 Re8 29. Rce1 fxe6 30. Ng6 Qf6 31. h4 Qxd4+ 32. Qxd4 Nf3+ 33. Kg2 Nxd4 34. Rf2 Bb7 35. f6 gxf6 36. Rxf6 Kg7 37. Rf2 Nf5 38. Nf4 d4+ 39. Kh3 Kf6 40. Nh5+ Kg6 41. g4 Bc6 42. gxf5+ exf5 43. Rg1+ Kf7 44. Rg7+ Ke6 45. Rg6+ Kd7 46. Nf6+ Kc7 47. Nxe8+ Rxe8 48. Bxf5 Re3+ 49. Kg4 c4 50. Rxh6 d3 51. Re6 1-0

[Event "RUS-ch 68th"]
[Site "Chita"]
[Date "2015.08.19"]
[Round "10"]
[White "Bukavshin, Ivan"]
[Black "Jakovenko, Dmitrij"]
[Result "1/2-1/2"]
[WhiteElo "2655"]
[BlackElo "2759"]
[PlyCount "74"]
[EventDate "2015.08.09"]
[EventType "tourn"]
[EventRounds "11"]
[EventCountry "RUS"]
[EventCategory "18"]
[SourceTitle "CBM 168"]
[Source "ChessBase"]
[SourceDate "2015.09.14"]
[SourceVersion "1"]
[SourceVersionDate "2015.09.14"]
[SourceQuality "1"]

1. d4 Nf6 2. c4 e6 3. Nc3 Bb4 4. Nf3 c5 5. g3 cxd4 6. Nxd4 0-0 7. Bg2 d5 8. cxd5 Nxd5 9. Qb3 Qa5 10. Bd2 Nc6 11. Nxc6 bxc6 12. 0-0 Bxc3 13. bxc3 Ba6 14. Rfd1 Qc5 15. c4 Qxc4 16. e4 Nb6 17. Rdc1 Qxb3 18. axb3 Bb5 19. Be3 Rfb8 20. Bf1 h6 21. Bxb5 cxb5 22. Ra5 Nd7 23. Rc7 Nf6 24. Raxa7 Rxa7 25. Bxa7 Rd8 26. Rb7 Rd7 27. Rb8+ Kh7 28. Be3 Nxe4 29. Rxb5 g5 30. Kg2 Kg6 31. Kf3 Nc3 32. Rb8 f5 33. Re8 Kf7 34. Rh8 Kg7 35. Re8 Kf7 36. Rh8 Kg7 37. Re8 Kf7 1/2-1/2

[Event "RUS-ch 68th"]
[Site "Chita"]
[Date "2015.08.16"]
[Round "7"]
[White "Bukavshin, Ivan"]
[Black "Svidler, Peter"]
[Result "1/2-1/2"]
[WhiteElo "2655"]
[BlackElo "2739"]
[PlyCount "113"]
[EventDate "2015.08.09"]
[EventType "tourn"]
[EventRounds "11"]
[EventCountry "RUS"]
[EventCategory "18"]
[SourceTitle "CBM 168"]
[Source "ChessBase"]
[SourceDate "2015.09.14"]
[SourceVersion "1"]
[SourceVersionDate "2015.09.14"]
[SourceQuality "1"]

1. d4 Nf6 2. c4 g6 3. Nc3 d5 4. Nf3 Bg7 5. Qb3 dxc4 6. Qxc4 0-0 7. e4 Bg4 8. Be3 Nfd7 9. Nd2 Nb6 10. Qc5 c6 11. f3 Be6 12. 0-0-0 f5 13. e5 N8d7 14. Qa3 Nd5 15. Nxd5 Bxd5 16. h4 h6 17. Nb1 Nb6 18. Nc3 Be6 19. Kb1 Qd7 20. Bd3 Nd5 21. Nxd5 Bxd5 22. Ka1 e6 23. Qc5 Rf7 24. Qc1 Kh7 25. Rh3 c5 26. dxc5 Qa4 27. Bb1 Bxe5 28. Bxh6 Rc8 29. Be3 Rc6 30. h5 g5 31. Rhh1 Bb3 32. Bxg5 Ra6 33. Rh4 Qa5 34. Bd2 Qd8 35. Re1 Rd7 36. Rb4 Bxa2 37. Bxa2 Qa5 38. Qc4 Rxd2 39. Rxb7+ Kh8 40. Rb5 Qa3 41. Rb8+ Kh7 42. Rb7+ Kh6 43. Qf4+ Bxf4 44. bxa3 Rxa3 45. Rb2 Kxh5 46. Rxd2 Bxd2 47. Rxe6 Be3 48. c6 Bd4+ 49. Kb1 Rc3 50. Bd5 Rc5 51. Bb3 Kg5 52. Bd1 Kf4 53. g4 Be5 54. gxf5 Kxf5 55. Rh6 Kg5 56. Re6 Kf5 57. Rh6 1/2-1/2

[Event "RUS-ch 68th"]
[Site "Chita"]
[Date "2015.08.10"]
[Round "2"]
[White "Vitiugov, Nikita"]
[Black "Bukavshin, Ivan"]
[Result "1-0"]
[WhiteElo "2719"]
[BlackElo "2655"]
[PlyCount "55"]
[EventDate "2015.08.09"]
[EventType "tourn"]
[EventRounds "11"]
[EventCountry "RUS"]
[EventCategory "18"]
[SourceTitle "CBM 168"]
[Source "ChessBase"]
[SourceDate "2015.09.14"]
[SourceVersion "1"]
[SourceVersionDate "2015.09.14"]
[SourceQuality "1"]

1. d4 d5 2. c4 e6 3. Nc3 c6 4. e3 Nf6 5. b3 Bd6 6. Bb2 0-0 7. Bd3 e5 8. dxe5 Bxe5 9. Nf3 Bg4 10. Qc2 Bxf3 11. gxf3 d4 12. Ne2 Qa5+ 13. b4 Qxb4+ 14. Kf1 c5 15. f4 Bd6 16. exd4 Nbd7 17. Rg1 g6 18. Rb1 Qa5 19. f5 g5 20. Qc1 Kh8 21. dxc5 Be7 22. Bd4 Qc7 23. Be4 Rab8 24. Nc3 h6 25. Nd5 Qd8 26. h4 Bxc5 27. hxg5 Bxd4 28. gxf6 1-0

[Event "RUS-ch Higher League 68th"]
[Site "Kaliningrad"]
[Date "2015.06.28"]
[Round "6"]
[White "Bukavshin, Ivan"]
[Black "Kobalia, Mihail"]
[Result "1/2-1/2"]
[WhiteElo "2647"]
[BlackElo "2623"]
[PlyCount "301"]
[EventDate "2015.06.22"]
[EventType "swiss"]
[EventRounds "9"]
[EventCountry "RUS"]
[SourceTitle "CBM 167"]
[Source "ChessBase"]
[SourceDate "2015.07.13"]
[SourceVersion "1"]
[SourceVersionDate "2015.07.13"]
[SourceQuality "1"]

1. d4 d5 2. c4 c6 3. Nf3 Nf6 4. Nc3 dxc4 5. a4 e6 6. e3 c5 7. Bxc4 Nc6 8. 0-0 cxd4 9. exd4 Be7 10. d5 exd5 11. Nxd5 Nxd5 12. Bxd5 0-0 13. Bf4 Be6 14. Bxe6 fxe6 15. Be3 Qd5 16. Qe2 Rad8 17. Rad1 Qb3 18. Rxd8 Rxd8 19. Qb5 Qb4 20. Rc1 a6 21. Qxb4 Bxb4 22. Kf1 Rd3 23. Ke2 Rb3 24. Rc2 e5 25. Kd1 Ba5 26. Bc5 h6 27. Kc1 Bb4 28. Nd2 Bxd2+ 29. Rxd2 Nb4 30. Kb1 Nd3 31. Be3 e4 32. Ka2 Nc1+ 33. Kb1 Nd3 34. Bd4 Rb4 35. Bc3 Rc4 36. f3 Nc5 37. Rd8+ Kf7 38. a5 exf3 39. gxf3 Rh4 40. Rd5 Na4 41. Bd4 g5 42. Rd6 Rf4 43. Bh8 Rxf3 44. Rd7+ Kg8 45. Bd4 Rf5 46. b4 Rb5 47. Ka2 Rxb4 48. Ka3 Rc4 49. Rd8+ Kf7 50. Kb3 Rc1 51. Kxa4 Ke7 52. Rd5 Rc2 53. Bg1 Rg2 54. Rd1 Ke6 55. Kb4 h5 56. Kc5 Rb2 57. Rd6+ Kf5 58. Rd5+ Ke6 59. Re5+ Kf7 60. Kd6 Rg2 61. Be3 Kf6 62. Rd5 h4 63. Kc7 g4 64. Bg5+ Ke6 65. Rd6+ Kf5 66. Bxh4 Rxh2 67. Rf6+ Ke4 68. Bf2 Rh5 69. Bb6 Rh7+ 70. Kb8 Rg7 71. Rf1 g3 72. Ka7 g2 73. Rg1 Kd5 74. Rc1 Rf7 75. Rc5+ Ke4 76. Rg5 Kf3 77. Kb8 Rh7 78. Rf5+ Ke4 79. Rg5 Kf3 80. Rg8 Re7 81. Rd8 Rg7 82. Rd1 Ke4 83. Ka7 Kf3 84. Rb1 Rh7 85. Bg1 Rh5 86. Ra1 Rh7 87. Rb1 Rh5 88. Kb6 Ke2 89. Bc5 Rf5 90. Rb2+ Kf1 91. Bd4 Rf4 92. Bc5 Rf5 93. Ra2 Rf7 94. Ka7 Rf5 95. Bb6 Rf7 96. Rd2 Rg7 97. Bd4 Rg5 98. Ra2 Rg4 99. Bb6 Rg7 100. Bc5 Rg5 101. Kb6 Rg7 102. Ka7 Rg5 103. Ra1+ Ke2 104. Bg1 Rg7 105. Rc1 Rg5 106. Bb6 Rg7 107. Rc8 Rg5 108. Kxb7 Rxa5 109. Rg8 Rf5 110. Rxg2+ Kd3 111. Kxa6 Kc4 112. Rg4+ Kd5 113. Kb5 Kd6+ 114. Kc4 Rf6 115. Bd4 Re6 116. Rg7 Rh6 117. Bc5+ Ke5 118. Re7+ Re6 119. Bd4+ Kf5 120. Rf7+ Ke4 121. Rf1 Rc6+ 122. Bc5 Re6 123. Rf2 Re5 124. Bd6 Re6 125. Kc5 Kd3 126. Kd5 Re3 127. Ra2 Rf3 128. Be5 Re3 129. Ra4 Ke2 130. Bd4 Rd3 131. Ke4 Rd2 132. Ra3 Rc2 133. Rh3 Rd2 134. Bc3 Rc2 135. Rh2+ Kd1 136. Rh1+ Ke2 137. Rh3 Kd1 138. Kd3 Rd2+ 139. Kc4 Rf2 140. Re3 Re2 141. Rf3 Kc2 142. Rf1 Re4+ 143. Bd4 Kd2 144. Rf8 Re2 145. Ra8 Kc2 146. Ra3 Kd2 147. Rd3+ Kc2 148. Be3 Rg2 149. Rc3+ Kd1 150. Kd3 Rd2+ 151. Bxd2 1/2-1/2

[Event "RUS-ch Higher League 68th"]
[Site "Kaliningrad"]
[Date "2015.06.22"]
[Round "1"]
[White "Bocharov, Ivan"]
[Black "Bukavshin, Ivan"]
[Result "0-1"]
[WhiteElo "2472"]
[BlackElo "2647"]
[PlyCount "94"]
[EventDate "2015.06.22"]
[EventType "swiss"]
[EventRounds "9"]
[EventCountry "RUS"]
[SourceTitle "CBM 167"]
[Source "ChessBase"]
[SourceDate "2015.07.13"]
[SourceVersion "1"]
[SourceVersionDate "2015.07.13"]
[SourceQuality "1"]

1. f4 d5 2. Nf3 Nf6 3. g3 e6 4. Bg2 Be7 5. 0-0 0-0 6. d3 b5 7. b3 Bb7 8. e3 c5 9. Bb2 Nc6 10. Nbd2 d4 11. Re1 Nd5 12. Nf1 Qb6 13. Kh1 Rfd8 14. Qe2 Rac8 15. e4 Nf6 16. N3d2 Na5 17. Rab1 Qc7 18. Nf3 Nc6 19. Red1 Ba6 20. h3 Nd7 21. Qf2 Nb6 22. h4 Bb7 23. h5 h6 24. N1h2 Nd7 25. e5 Nb4 26. a3 Nd5 27. Ng4 f5 28. exf6 N7xf6 29. Nfh2 Bd6 30. Re1 Re8 31. Re2 Qf7 32. Kg1 Nxh5 33. Ne5 Bxe5 34. Rxe5 Nhxf4 35. gxf4 Nxf4 36. Qg3 Nxg2 37. Rf1 Qe7 38. Ng4 Kh7 39. b4 Rf8 40. Rxf8 Rxf8 41. bxc5 Rf3 42. Qh2 Nf4 43. Nf2 Qf6 44. Bxd4 Nh3+ 45. Qxh3 Rxh3 46. Nxh3 Qf3 47. Rg5 Qh1+ 0-1

[Event "Voronezh op-A 19th"]
[Site "Voronezh"]
[Date "2015.06.20"]
[Round "9"]
[White "Bukavshin, Ivan"]
[Black "Lintchevski, Daniil"]
[Result "1/2-1/2"]
[WhiteElo "2647"]
[BlackElo "2557"]
[PlyCount "118"]
[EventDate "2015.06.12"]
[EventType "swiss"]
[EventRounds "9"]
[EventCountry "RUS"]
[SourceTitle "CBM 167 Extra"]
[Source "ChessBase"]
[SourceDate "2015.09.14"]
[SourceVersion "1"]
[SourceVersionDate "2015.09.14"]
[SourceQuality "1"]

1. d4 d5 2. c4 dxc4 3. e4 e5 4. Nf3 exd4 5. Bxc4 Bb4+ 6. Nbd2 Nc6 7. 0-0 Nf6 8. e5 Nd5 9. Nb3 Nb6 10. Bb5 Qd5 11. Bxc6+ Qxc6 12. Bd2 Be7 13. Nfxd4 Qa4 14. Qf3 c5 15. Nf5 Bxf5 16. Qxf5 0-0 17. Rfc1 Qd7 18. Qe4 Na4 19. Be3 Rac8 20. Na5 b6 21. Nc4 b5 22. b3 bxc4 23. bxa4 Qxa4 24. Rxc4 Qd7 25. Rac1 Rfd8 26. g3 Qe6 27. Ra4 Rc7 28. Qc4 Qf5 29. Ra6 Rcd7 30. e6 fxe6 31. Rxe6 Qf7 32. Kg2 Rc8 33. Ra6 Qxc4 34. Rxc4 Rb7 35. Kf3 Rb4 36. Rxb4 cxb4 37. Rxa7 Bf6 38. Ke4 b3 39. axb3 Rb8 40. g4 Rxb3 41. g5 Bb2 42. Ra8+ Kf7 43. Kf5 g6+ 44. Kg4 Rb4+ 45. f4 Bd4 46. Bc1 Rc4 47. Ba3 Be5 48. Ra7+ Kg8 49. Ra8+ Kf7 50. Rf8+ Kg7 51. h4 Bc7 52. h5 gxh5+ 53. Kxh5 Bxf4 54. Re8 Bg3 55. Re7+ Kg8 56. Re8+ Kg7 57. Re7+ Kg8 58. Re8+ Kg7 59. Re7+ Kg8 1/2-1/2

[Event "Voronezh op-A 19th"]
[Site "Voronezh"]
[Date "2015.06.16"]
[Round "5"]
[White "Bukavshin, Ivan"]
[Black "Ponomarev, Dmitry"]
[Result "1/2-1/2"]
[WhiteElo "2647"]
[BlackElo "2409"]
[PlyCount "189"]
[EventDate "2015.06.12"]
[EventType "swiss"]
[EventRounds "9"]
[EventCountry "RUS"]
[SourceTitle "CBM 167 Extra"]
[Source "ChessBase"]
[SourceDate "2015.09.14"]
[SourceVersion "1"]
[SourceVersionDate "2015.09.14"]
[SourceQuality "1"]

1. d4 d5 2. c4 c6 3. Nf3 dxc4 4. e3 Be6 5. Be2 Nf6 6. 0-0 g6 7. Qc2 b5 8. a4 Bf5 9. Qd1 Nbd7 10. axb5 cxb5 11. Nc3 a6 12. Ne1 Ne4 13. Bf3 Ndf6 14. Qc2 Nc5 15. Bc6+ Nfd7 16. Qd1 Nb3 17. Ra2 Rc8 18. Bb7 Rb8 19. Bxa6 b4 20. Ne2 Qc7 21. Bd2 Bg7 22. Nc1 Nxd2 23. Qxd2 0-0 24. Ne2 Rfd8 25. Qc1 Nb6 26. b3 c3 27. Bd3 Bc8 28. Nc2 e5 29. Rd1 Bf8 30. dxe5 Qxe5 31. Ncd4 Bb7 32. Qc2 Nd7 33. Ra7 Nc5 34. Rxb7 Nxb7 35. Nc6 Qc7 36. Nxb8 Qxb8 37. Qb1 Bc5 38. Bc2 Rd6 39. Nf4 Qd8 40. g3 Rxd1+ 41. Qxd1 Qxd1+ 42. Bxd1 Bd6 43. Nd3 Nc5 44. Nxb4 Nxb3 45. Nd5 Nc5 46. Nxc3 h5 47. Kg2 Kg7 48. Nd5 Na6 49. Bb3 Nb4 50. Nc3 Nd3 51. h4 Nc5 52. Bc4 Nd7 53. Nb5 Bc5 54. Ba2 Nf6 55. Nd4 Ng4 56. Nf3 Be7 57. Bb3 Bf6 58. Ng5 Nh6 59. Bd5 Bc3 60. Be4 Bd2 61. Nh3 Bc1 62. Nf4 Bd2 63. Bf3 Nf5 64. Bxh5 gxh5 65. Nxh5+ Kh6 66. Nf6 Kg6 67. Nd5 Ba5 68. Kf3 Bd8 69. Kg4 Nh6+ 70. Kf4 Ba5 71. g4 f6 72. Kg3 Be1 73. Nf4+ Kf7 74. Nd3 Bd2 75. Kf4 Ng8 76. g5 Ne7 77. Kg4 Nc6 78. Kf5 Ne7+ 79. Kg4 Nc6 80. e4 Ne7 81. f4 Nc8 82. e5 fxe5 83. Nxe5+ Ke6 84. h5 Bc3 85. Ng6 Kf7 86. f5 Nd6 87. h6 Kg8 88. Ne7+ Kh7 89. Nd5 Bd2 90. Nf6+ Kh8 91. h7 Bxg5 92. Kxg5 Nxf5 93. Kxf5 Kg7 94. Kg5 Kh8 95. Kg6 1/2-1/2